Learning Resource and Development

Vibroacoustic simulation : (Record no. 29913)

MARC details
000 -LEADER
fixed length control field 01962cam a22003858i 4500
001 - CONTROL NUMBER
control field 22373678
003 - CONTROL NUMBER IDENTIFIER
control field CSPC
005 - DATE AND TIME OF LATEST TRANSACTION
control field 20250807091958.0
008 - FIXED-LENGTH DATA ELEMENTS--GENERAL INFORMATION
fixed length control field 220106s2022 nju b 001 0 eng
010 ## - LIBRARY OF CONGRESS CONTROL NUMBER
LC control number 2021062814
020 ## - INTERNATIONAL STANDARD BOOK NUMBER
International Standard Book Number 9781119849841
Qualifying information (hardback)
035 ## - SYSTEM CONTROL NUMBER
System control number 22373678
040 ## - CATALOGING SOURCE
Original cataloging agency DLC
Language of cataloging eng
Description conventions rda
Transcribing agency DLC
Modifying agency CSPC
042 ## - AUTHENTICATION CODE
Authentication code pcc
050 00 - LIBRARY OF CONGRESS CALL NUMBER
Classification number TA355
Item number .P36 2022
082 00 - DEWEY DECIMAL CLASSIFICATION NUMBER
Classification number 620.3
Item number P351v
Edition number 23/eng/20220525
100 1# - MAIN ENTRY--PERSONAL NAME
Personal name Peiffer, Alexander,
Relator term author.
245 10 - TITLE STATEMENT
Title Vibroacoustic simulation :
Remainder of title an introduction to statistical energy analysis and hybrid methods /
Statement of responsibility, etc. Alexander Peiffer.
250 ## - EDITION STATEMENT
Edition statement First edition.
263 ## - PROJECTED PUBLICATION DATE
Projected publication date 2207
264 #1 - PRODUCTION, PUBLICATION, DISTRIBUTION, MANUFACTURE, AND COPYRIGHT NOTICE
Place of production, publication, distribution, manufacture Hoboken, New Jersey :
Name of producer, publisher, distributor, manufacturer John Wiley & Sons, Inc.,
Date of production, publication, distribution, manufacture, or copyright notice 2022.
300 ## - PHYSICAL DESCRIPTION
Extent xxi, 450 pages :
Other physical details illustrations ;
Dimensions 26 cm.
336 ## - CONTENT TYPE
Content type term text
Content type code txt
Source rdacontent
337 ## - MEDIA TYPE
Media type term unmediated
Media type code n
Source rdamedia
338 ## - CARRIER TYPE
Carrier type term volume
Carrier type code nc
Source rdacarrier
504 ## - BIBLIOGRAPHY, ETC. NOTE
Bibliography, etc. note Includes bibliographical references and index.
505 0# - FORMATTED CONTENTS NOTE
Formatted contents note Linear systems, random process and signals -- Waves in fluids -- Wave propagation in structures -- Fluid systems -- Structure systems -- Random description of systems -- Coupled systems -- Coupling loss factors -- Deterministic applications -- Application of random systems -- Hybrid systems -- Industrial cases -- Conclusions and outlook -- Appendix A: Basic mathematics -- Appendix B: Specific solutions -- Appendix C: Symbols.
650 #0 - SUBJECT ADDED ENTRY--TOPICAL TERM
Topical term or geographic name entry element Vibration
General subdivision Mathematical models.
650 #0 - SUBJECT ADDED ENTRY--TOPICAL TERM
Topical term or geographic name entry element Acoustical engineering
General subdivision Mathematics.
776 08 - ADDITIONAL PHYSICAL FORM ENTRY
Relationship information Online version:
Main entry heading Peiffer, Alexander.
Title Vibroacoustic simulation
Edition First edition.
Place, publisher, and date of publication Hoboken, NJ : John Wiley & Sons, Inc., 2022
International Standard Book Number 9781119849858
Record control number (DLC) 2021062815
906 ## - LOCAL DATA ELEMENT F, LDF (RLIN)
a 7
b cbc
c orignew
d 1
e ecip
f 20
g y-gencatlg
942 ## - ADDED ENTRY ELEMENTS (KOHA)
Source of classification or shelving scheme Dewey Decimal Classification
Koha item type Books
Edition 23
Classification part 620.3
Item part P351v
Call number prefix ENG
Call number suffix 2022
Suppress in OPAC No
Holdings
Withdrawn status Lost status Source of classification or shelving scheme Damaged status Not for loan Home library Current library Shelving location Date acquired Total Checkouts Full call number Barcode Date last seen Copy number Price effective from Koha item type
    Dewey Decimal Classification     Main Library Main Library Engineering Section 08/07/2025   ENG 620.3 P351v 2022 029893 08/07/2025 1-1 08/07/2025 Books